[Event "8. Open Vila de Salou"]
[Site "Salou ESP"]
[Date "2006.06.09"]
[Round "3.2"]
[White "Spraggett, Kevin"]
[Black "Kononenko, Tatiana"]
[Result "1-0"]
[WhiteElo "2578"]
[BlackElo "2383"]
[PlyCount "107"]
[EventDate "2006.06.07"]
[EventType "swiss"]
[EventRounds "9"]
[EventCountry "ESP"]
[Source "lmi"]
[SourceDate "2006.06.16"]

1. e4 c6 2. d4 d5 3. e5 Bf5 4. h4 h5 5. c4 dxc4 6. Bxc4 e6 7. Nc3 Nd7 8. Bg5
Ne7 9. Nge2 f6 10. exf6 gxf6 11. Be3 Nb6 12. Bb3 Ned5 13. Ng3 Bg6 14. Qf3 Be7
15. O-O Qd7 16. a4 a5 17. Rfe1 Kf7 18. Bd2 Kg7 19. Nce4 Nc7 20. Rac1 Nbd5 21.
Nc5 Bxc5 22. Rxc5 Na6 23. Rcc1 Nac7 24. Ne4 Bxe4 25. Rxe4 Qf7 26. Rce1 Qg6 27.
g3 Kf7 28. Kh2 Rhe8 29. Bf4 Na6 30. Bd2 Nac7 31. Qe2 Re7 32. Bc2 Rae8 33. Bxa5
f5 34. Re5 b6 35. Bd2 Qg4 36. Qd3 Qg6 37. Qc4 b5 38. Qxc6 bxa4 39. Qxa4 Rb8 40.
Bg5 Ree8 41. Bxf5 exf5 42. Rxe8 Rxe8 43. Rxe8 Nxe8 44. Qd7+ Kf8 45. Qxd5 Nd6
46. Qc5 Kg8 47. Bf4 Ne4 48. Qc4+ Kf8 49. f3 Nf6 50. Qc8+ Kf7 51. d5 Ne8 52.
Qd7+ Kf8 53. d6 Qf6 54. Bh6+ 1-0

[Event "8. Open Vila de Salou"]
[Site "Salou ESP"]
[Date "2006.06.09"]
[Round "3.3"]
[White "Pogorelov, Ruslan"]
[Black "Hamdouchi, Hichem"]
[Result "1/2-1/2"]
[WhiteElo "2385"]
[BlackElo "2559"]
[PlyCount "169"]
[EventDate "2006.06.07"]
[EventType "swiss"]
[EventRounds "9"]
[EventCountry "ESP"]
[Source "lmi"]
[SourceDate "2006.06.16"]

1. Nf3 c5 2. c4 Nc6 3. d4 cxd4 4. Nxd4 Nf6 5. Nc3 e6 6. a3 Be7 7. e4 O-O 8. Be2
d5 9. cxd5 exd5 10. exd5 Nxd5 11. Nxc6 bxc6 12. Bd2 Rb8 13. Qc2 g6 14. Rd1 Bg5
15. Nxd5 cxd5 16. Bxg5 Qxg5 17. O-O Bf5 18. Qd2 Qxd2 19. Rxd2 Rb3 20. g4 Be6
21. Bd1 Rb6 22. b4 Rc8 23. f4 Rd6 24. f5 gxf5 25. gxf5 Bd7 26. f6 Rc1 27. Be2
Rxf1+ 28. Bxf1 d4 29. b5 h5 30. a4 Kh7 31. Bd3+ Kh6 32. a5 Kg5 33. Rb2 Be6 34.
b6 axb6 35. axb6 Rd8 36. Rb5+ Kxf6 37. b7 Rb8 38. Be4 Ke7 39. Kf2 h4 40. Rb4
Kd6 41. Rxd4+ Kc7 42. Bf3 h3 43. Rb4 Rd8 44. Ke3 Kb8 45. Rb5 Rd6 46. Ra5 Rb6
47. Ra8+ Kc7 48. Re8 Bd7 49. Rf8 Be6 50. Kf4 Rxb7 51. Bxb7 Kxb7 52. Ke5 Kc6 53.
Rd8 Kc5 54. Rd1 Kc4 55. Ke4 Kc5 56. Rd2 Kc6 57. Ke5 Kc7 58. Rd6 Bb3 59. Ra6 Be6
60. Kf6 Kd7 61. Ra3 Kd6 62. Rd3+ Kc5 63. Ke5 Kc6 64. Rc3+ Kd7 65. Rc2 Bb3 66.
Rc5 Be6 67. Rc3 Bg4 68. Rd3+ Kc7 69. Kd5 Kd7 70. Ra3 Be6+ 71. Kc5 Ke7 72. Ra7+
Kf6 73. Kd4 Bf5 74. Ra2 Be6 75. Rf2+ Ke7 76. Ke5 Kd7 77. Rd2+ Kc7 78. Rc2+ Kd7
79. Rc3 Bg4 80. Rd3+ Kc7 81. Rd6 Be6 82. Ra6 Kd7 83. Kf6 Bc4 84. Ra3 Be6 85.
Ra6 1/2-1/2

[Event "8. Open Vila de Salou"]
[Site "Salou ESP"]
[Date "2006.06.09"]
[Round "3.4"]
[White "Moskalenko, Viktor"]
[Black "Kekki, Petri"]
[Result "1-0"]
[WhiteElo "2540"]
[BlackElo "2365"]
[PlyCount "51"]
[EventDate "2006.06.07"]
[EventType "swiss"]
[EventRounds "9"]
[EventCountry "ESP"]
[Source "lmi"]
[SourceDate "2006.06.16"]

1. d4 Nf6 2. c4 g6 3. Nc3 d5 4. cxd5 Nxd5 5. Bd2 Bg7 6. e4 Nb6 7. Be3 O-O 8.
Bb5 c6 9. Be2 Be6 10. Nf3 Bc4 11. O-O N8d7 12. b3 Bxe2 13. Qxe2 e5 14. Rad1
exd4 15. Bxd4 Qe7 16. Bxg7 Kxg7 17. e5 Rae8 18. Rfe1 Qb4 19. Qb2 f6 20. Rd4 Qa5
21. b4 Qa6 22. exf6+ Nxf6 23. Rxe8 Nxe8 24. Ne4 Kg8 25. Nc5 Qb5 26. a4 1-0

[Event "8. Open Vila de Salou"]
[Site "Salou ESP"]
[Date "2006.06.09"]
[Round "3.5"]
[White "Tania, Sachdev"]
[Black "Mirzoev, Azer"]
[Result "0-1"]
[WhiteElo "2375"]
[BlackElo "2532"]
[PlyCount "56"]
[EventDate "2006.06.07"]
[EventType "swiss"]
[EventRounds "9"]
[EventCountry "ESP"]
[Source "lmi"]
[SourceDate "2006.06.16"]

1. d4 d5 2. c4 c6 3. cxd5 cxd5 4. Nf3 Nf6 5. Nc3 Nc6 6. Bf4 Nh5 7. Bg3 Nxg3 8.
hxg3 e6 9. e3 Be7 10. Bd3 a6 11. Rc1 g6 12. O-O h5 13. e4 Kf8 14. Re1 Kg7 15.
exd5 exd5 16. Ne5 Nxe5 17. dxe5 h4 18. g4 Be6 19. Be2 Rc8 20. Rc2 Qa5 21. Rd2
Bb4 22. Bf3 Rhd8 23. Rd3 d4 24. a3 Bxc3 25. bxc3 dxc3 26. Rxd8 Rxd8 27. Qc1 c2
28. Qe3 Qd2 0-1

[Event "8. Open Vila de Salou"]
[Site "Salou ESP"]
[Date "2006.06.09"]
[Round "3.7"]
[White "Edouard, Romain"]
[Black "Lopez Martinez, Josep M"]
[Result "0-1"]
[WhiteElo "2363"]
[BlackElo "2481"]
[PlyCount "60"]
[EventDate "2006.06.07"]
[EventType "swiss"]
[EventRounds "9"]
[EventCountry "ESP"]
[Source "lmi"]
[SourceDate "2006.06.16"]

1. e4 e5 2. Nf3 Nc6 3. d4 exd4 4. Nxd4 Nf6 5. Nxc6 bxc6 6. e5 Qe7 7. Qe2 Nd5 8.
c4 Nb6 9. Nc3 a5 10. Qe4 g6 11. Bd3 Bg7 12. O-O O-O 13. Bf4 Ba6 14. Rae1 Qb4
15. Qf3 Nxc4 16. Re4 f5 17. exf6 Bxf6 18. Qg4 d5 19. Bxc4 Bxc4 20. a3 Qxb2 21.
Qe6+ Rf7 22. Rxc4 dxc4 23. Ne4 Raf8 24. Bxc7 Be7 25. Be5 Qb5 26. Rd1 Qb3 27.
Nc3 Qc2 28. Qxc4 Qxf2+ 29. Kh1 Qc5 30. Qe6 Qxe5 0-1

[Event "8. Open Vila de Salou"]
[Site "Salou ESP"]
[Date "2006.06.09"]
[Round "3.9"]
[White "Alsina Leal, Daniel"]
[Black "Jorge Bort, Emilio"]
[Result "1-0"]
[WhiteElo "2441"]
[BlackElo "2197"]
[PlyCount "85"]
[EventDate "2006.06.07"]
[EventType "swiss"]
[EventRounds "9"]
[EventCountry "ESP"]
[Source "lmi"]
[SourceDate "2006.06.16"]

1. e4 c5 2. Nf3 Nc6 3. d4 cxd4 4. Nxd4 Nf6 5. Nc3 e5 6. Ndb5 d6 7. Bg5 a6 8.
Na3 b5 9. Nd5 Be7 10. Bxf6 Bxf6 11. c4 b4 12. Nc2 a5 13. Be2 Bg5 14. O-O O-O
15. Qd3 Kh8 16. Rad1 f5 17. Bf3 f4 18. a3 bxa3 19. Qxa3 Be6 20. c5 dxc5 21.
Qxc5 Bxd5 22. exd5 Nb8 23. Na3 Nd7 24. Qc2 Rc8 25. Qe2 Bf6 26. d6 Qb6 27. Rd2
Rfe8 28. Be4 g6 29. Rfd1 Red8 30. Bf3 Bg7 31. h4 Rc5 32. Nb1 Qb5 33. Qxb5 Rxb5
34. Nc3 Rb6 35. Ne4 h6 36. Ra1 Ra6 37. Be2 Ra7 38. Rad1 Rb7 39. Rc1 Bf8 40. Bg4
h5 41. Be6 Rb6 42. Rc7 Nb8 43. Ng5 1-0

[Event "8. Open Vila de Salou"]
[Site "Salou ESP"]
[Date "2006.06.09"]
[Round "3.10"]
[White "Lacasa Diaz, Josep A"]
[Black "Peric, Slavisa"]
[Result "1/2-1/2"]
[WhiteElo "2411"]
[BlackElo "2288"]
[PlyCount "143"]
[EventDate "2006.06.07"]
[EventType "swiss"]
[EventRounds "9"]
[EventCountry "ESP"]
[Source "lmi"]
[SourceDate "2006.06.16"]

1. e4 e6 2. d4 d5 3. Nc3 dxe4 4. Nxe4 Nd7 5. Nf3 Ngf6 6. Bd3 c5 7. O-O Nxe4 8.
Bxe4 Nf6 9. Bg5 Be7 10. Bxf6 gxf6 11. c3 f5 12. Bc2 cxd4 13. Nxd4 Bf6 14. Qe2
O-O 15. Rad1 Bxd4 16. Rxd4 Qf6 17. Qf3 e5 18. Rd5 Re8 19. Ba4 b5 20. Bxb5 Bb7
21. Bxe8 Bxd5 22. Qxd5 Rxe8 23. Rd1 Kg7 24. c4 f4 25. b3 e4 26. Qd4 Re5 27. Qd6
Re6 28. Qd8 Qg6 29. Qd4+ Kh6 30. f3 f5 31. Qf2 Qf6 32. Qd4 Qg5 33. Qd8 exf3 34.
Qxg5+ Kxg5 35. gxf3 Re2 36. c5 Rc2 37. b4 h5 38. a4 a5 39. b5 Rxc5 40. Rb1 Rc7
41. b6 Rb7 42. Kg2 Kg6 43. Rb5 Kg5 44. Kh3 Kf6 45. Kh4 Kg6 46. Rb1 Kf6 47. Rb5
Kg6 48. Rxa5 Rxb6 49. Rb5 Rc6 50. a5 Rc3 51. Rb6+ Kf7 52. Kg5 Rxf3 53. Kxf5 Rh3
54. Rb7+ Ke8 55. Ke6 Kd8 56. Rb5 f3 57. Kd6 Kc8 58. Kc6 f2 59. Rf5 Rc3+ 60. Kb6
Rb3+ 61. Kc6 Rc3+ 62. Kd5 Ra3 63. Rxf2 Rxa5+ 64. Ke6 Rg5 65. Kf6 Rg8 66. Ra2
Rg4 67. Ra3 Rh4 68. h3 Rc4 69. Kg5 h4 70. Ra6 Kc7 71. Rh6 Kd7 72. Rxh4 1/2-1/2

[Event "8. Open Vila de Salou"]
[Site "Salou ESP"]
[Date "2006.06.09"]
[Round "3.11"]
[White "Ibarra Chami, Luis"]
[Black "Benitah, Yohan"]
[Result "0-1"]
[WhiteElo "2197"]
[BlackElo "2417"]
[PlyCount "104"]
[EventDate "2006.06.07"]
[EventType "swiss"]
[EventRounds "9"]
[EventCountry "ESP"]
[Source "lmi"]
[SourceDate "2006.06.16"]

1. e4 e6 2. d3 c5 3. f4 Nc6 4. Nf3 g6 5. g3 Bg7 6. Bg2 Nge7 7. O-O O-O 8. c3 d6
9. Be3 b6 10. d4 Bb7 11. Nbd2 Qc7 12. g4 Rae8 13. Qe2 h6 14. Qf2 f5 15. gxf5
gxf5 16. e5 cxd4 17. cxd4 dxe5 18. dxe5 Nb4 19. Rfc1 Qd8 20. Nd4 Ned5 21. Qg3
Kh7 22. Bf2 Rg8 23. Qf3 Nd3 24. Nxe6 Rxe6 25. Qxd3 Nxf4 26. Qxd8 Rxd8 27. Bxb7
Ne2+ 28. Kf1 Nxc1 29. Nf3 Nd3 30. Rd1 Rb8 31. Bd5 Nxf2 32. Kxf2 Re7 33. Re1 Rc8
34. e6 Rc5 35. Bb3 Bxb2 36. Rd1 Bf6 37. Ke3 Bg5+ 38. Kd4 Kg7 39. Rg1 Kf6 40. h4
Bc1 41. Rg8 Bb2+ 42. Ke3 b5 43. h5 f4+ 44. Kxf4 Rxh5 45. Rc8 a5 46. Rd8 a4 47.
Bd5 Rg7 48. Ke4 Ba3 49. Bc6 Kxe6 50. Nd4+ Ke7 51. Re8+ Kd6 52. Bxb5 Rg4+ 0-1

[Event "8. Open Vila de Salou"]
[Site "Salou ESP"]
[Date "2006.06.09"]
[Round "3.12"]
[White "Capo Vidal, Uriel"]
[Black "Yastrebova, Tatiana"]
[Result "1-0"]
[WhiteElo "2357"]
[BlackElo "2056"]
[PlyCount "43"]
[EventDate "2006.06.07"]
[EventType "swiss"]
[EventRounds "9"]
[EventCountry "ESP"]
[Source "lmi"]
[SourceDate "2006.06.16"]

1. d4 Nf6 2. c4 e6 3. Nf3 d5 4. Nc3 c6 5. Bg5 Be7 6. e3 O-O 7. cxd5 exd5 8. Bd3
Nbd7 9. Qc2 Re8 10. O-O Nf8 11. h3 Ne4 12. Bf4 Nxc3 13. bxc3 Bd6 14. Bxd6 Qxd6
15. Rab1 b6 16. c4 dxc4 17. Bxc4 Be6 18. Bd3 Rac8 19. Rbc1 c5 20. Ba6 Rc7 21.
Rfd1 Qe7 22. d5 1-0

[Event "8. Open Vila de Salou"]
[Site "Salou ESP"]
[Date "2006.06.09"]
[Round "3.14"]
[White "Vehi Bach, Victor M"]
[Black "Ruprich, Udo"]
[Result "1-0"]
[WhiteElo "2335"]
[BlackElo "2021"]
[PlyCount "105"]
[EventDate "2006.06.07"]
[EventType "swiss"]
[EventRounds "9"]
[EventCountry "ESP"]
[Source "lmi"]
[SourceDate "2006.06.16"]

1. e4 c5 2. Nf3 Nc6 3. d4 cxd4 4. Nxd4 d6 5. c4 Nf6 6. Nc3 g6 7. Be2 Bg7 8. Be3
Bd7 9. O-O O-O 10. Qd2 Nxd4 11. Bxd4 Bc6 12. Bd3 e6 13. Rad1 Qe7 14. Rfe1 Rfd8
15. b4 Qf8 16. h3 b6 17. a3 Rd7 18. Qb2 Rad8 19. Bc2 Nh5 20. Ne2 Bxd4 21. Nxd4
Ba8 22. Qc3 Qe7 23. Qe3 e5 24. Ne2 Bc6 25. Rd2 Qh4 26. Red1 Kg7 27. Kh2 Qe7 28.
g3 g5 29. Nc3 h6 30. Bd3 Nf6 31. Bc2 Nh5 32. Bd3 Nf6 33. Be2 Rh8 34. Rc1 Ne8
35. Bg4 Rc7 36. Rdc2 Nf6 37. Nd5 Nxg4+ 38. hxg4 Bxd5 39. cxd5 Rhc8 40. Rc6 Qd7
41. b5 Rxc6 42. dxc6 Qxg4 43. Kg2 Rc7 44. Rc2 Qe6 45. Rd2 f5 46. Qd3 fxe4 47.
Qxd6 Qxd6 48. Rxd6 Kf7 49. Rxh6 Ke7 50. Rh7+ Kd6 51. Rxc7 Kxc7 52. Kh3 a6 53.
a4 1-0

[Event "8. Open Vila de Salou"]
[Site "Salou ESP"]
[Date "2006.06.09"]
[Round "3.15"]
[White "Miceli, Gaetan"]
[Black "Fenollar Jorda, Manuel"]
[Result "0-1"]
[WhiteElo "2047"]
[BlackElo "2331"]
[PlyCount "68"]
[EventDate "2006.06.07"]
[EventType "swiss"]
[EventRounds "9"]
[EventCountry "ESP"]
[Source "lmi"]
[SourceDate "2006.06.16"]

1. e4 e5 2. Nf3 Nc6 3. Bb5 a6 4. Ba4 Nf6 5. O-O b5 6. Bb3 Bc5 7. c3 Bb6 8. d4
d6 9. dxe5 Nxe5 10. Nxe5 dxe5 11. Qxd8+ Kxd8 12. Bg5 Ke7 13. a4 Rb8 14. axb5
axb5 15. Nd2 h6 16. Bh4 g5 17. Bg3 Nd7 18. Kh1 Rd8 19. Rad1 Nc5 20. Bc2 f6 21.
Nb3 Rxd1 22. Rxd1 Na4 23. Rb1 Be6 24. Nc1 Rd8 25. Nb3 Bxb3 26. Bxb3 Rd2 27.
Bxa4 bxa4 28. h4 Bxf2 29. Bxf2 Rxf2 30. hxg5 hxg5 31. Ra1 Rxb2 32. Rxa4 Rc2 33.
Rc4 Kd6 34. Kh2 c5 0-1

[Event "8. Open Vila de Salou"]
[Site "Salou ESP"]
[Date "2006.06.09"]
[Round "3.16"]
[White "Vila Gazquez, Xavier"]
[Black "Goettin, Gerhard"]
[Result "1-0"]
[WhiteElo "2325"]
[BlackElo "2012"]
[PlyCount "67"]
[EventDate "2006.06.07"]
[EventType "swiss"]
[EventRounds "9"]
[EventCountry "ESP"]
[Source "lmi"]
[SourceDate "2006.06.16"]

1. e4 c5 2. Nf3 d6 3. d4 cxd4 4. Nxd4 Nf6 5. Nc3 a6 6. Qf3 g6 7. h3 Bg7 8. Be3
O-O 9. O-O-O Qc7 10. g4 Re8 11. g5 Nfd7 12. Qg3 b5 13. Nd5 Qa5 14. Kb1 Bb7 15.
Nb3 Qd8 16. Bd4 Nc6 17. Bxg7 Kxg7 18. h4 Rc8 19. h5 b4 20. Qh4 Nf8 21. hxg6
fxg6 22. Qh6+ Kh8 23. Bh3 Ra8 24. Be6 Ne5 25. f4 Bc8 26. Bxc8 Nf7 27. Qh4 Rxc8
28. f5 Ne5 29. Nd4 e6 30. Nxe6 Rxe6 31. fxe6 Nc6 32. Qh6 Ne7 33. Nf6 Ng8 34.
Qxh7+ 1-0

[Event "8. Open Vila de Salou"]
[Site "Salou ESP"]
[Date "2006.06.09"]
[Round "3.18"]
[White "Vernay, Clovis"]
[Black "Reves Balleste, Jose"]
[Result "1-0"]
[WhiteElo "2293"]
[BlackElo "1975"]
[PlyCount "55"]
[EventDate "2006.06.07"]
[EventType "swiss"]
[EventRounds "9"]
[EventCountry "ESP"]
[Source "lmi"]
[SourceDate "2006.06.16"]

1. d4 d5 2. Nf3 e6 3. c4 Nf6 4. Nc3 Be7 5. e3 O-O 6. Bd3 c6 7. O-O b6 8. Qe2
Bb7 9. e4 dxe4 10. Nxe4 Nbd7 11. Be3 Nxe4 12. Bxe4 Nf6 13. Bc2 Qc7 14. Rad1
Rad8 15. Ne5 c5 16. Bf4 Qc8 17. dxc5 Qxc5 18. b3 Rxd1 19. Rxd1 Qc8 20. g4 Rd8
21. Rxd8+ Qxd8 22. g5 Nd7 23. Bxh7+ Kf8 24. Nxf7 Kxf7 25. Qh5+ Kf8 26. Bg6 Nf6
27. gxf6 Bxf6 28. Bd6+ 1-0

[Event "8. Open Vila de Salou"]
[Site "Salou ESP"]
[Date "2006.06.09"]
[Round "3.19"]
[White "Vila Cairo, Gerard"]
[Black "Tscharotschkin, Michael"]
[Result "0-1"]
[WhiteElo "1998"]
[BlackElo "2244"]
[PlyCount "62"]
[EventDate "2006.06.07"]
[EventType "swiss"]
[EventRounds "9"]
[EventCountry "ESP"]
[Source "lmi"]
[SourceDate "2006.06.16"]

1. e4 e6 2. d4 d5 3. Nc3 Bb4 4. e5 c5 5. Nf3 Nc6 6. a3 Ba5 7. Bd2 cxd4 8. Nb5
Bc7 9. Bf4 Nge7 10. Nd6+ Bxd6 11. exd6 Ng6 12. Bg3 e5 13. h3 O-O 14. Be2 f5 15.
c4 Qxd6 16. O-O dxc4 17. Bxc4+ Be6 18. Bxe6+ Qxe6 19. Ng5 Qf6 20. Qb3+ Kh8 21.
Ne6 Qf7 22. Rac1 Rae8 23. Nc5 Qxb3 24. Nxb3 f4 25. Bh2 e4 26. Nc5 Nge5 27. Nxb7
e3 28. fxe3 fxe3 29. Rxf8+ Rxf8 30. Bg3 d3 31. Nd6 Nd4 0-1

[Event "8. Open Vila de Salou"]
[Site "Salou ESP"]
[Date "2006.06.09"]
[Round "3.20"]
[White "Hutchinson, Paul A"]
[Black "Escofet Llongueras, Joan"]
[Result "1-0"]
[WhiteElo "2178"]
[BlackElo "1952"]
[PlyCount "33"]
[EventDate "2006.06.07"]
[EventType "swiss"]
[EventRounds "9"]
[EventCountry "ESP"]
[Source "lmi"]
[SourceDate "2006.06.16"]

1. d4 Nf6 2. c4 c5 3. e3 cxd4 4. exd4 d5 5. Nc3 Nc6 6. cxd5 Nxd5 7. Nf3 Bg4 8.
Be2 e6 9. O-O Be7 10. a3 O-O 11. Be3 a6 12. Qd2 Rc8 13. Nxd5 Qxd5 14. b4 b5 15.
Rfc1 Bf6 16. h3 Bh5 17. Rc5 1-0

[Event "8. Open Vila de Salou"]
[Site "Salou ESP"]
[Date "2006.06.10"]
[Round "4.1"]
[White "Mirzoev, Azer"]
[Black "Spraggett, Kevin"]
[Result "1/2-1/2"]
[WhiteElo "2532"]
[BlackElo "2578"]
[PlyCount "27"]
[EventDate "2006.06.07"]
[EventType "swiss"]
[EventRounds "9"]
[EventCountry "ESP"]
[Source "lmi"]
[SourceDate "2006.06.16"]

1. d4 d5 2. Nf3 Nf6 3. c4 c6 4. e3 a6 5. Nc3 e6 6. Bd3 c5 7. dxc5 Bxc5 8. O-O
dxc4 9. Bxc4 Qxd1 10. Rxd1 b5 11. Be2 Bb7 12. b3 Nbd7 13. Bb2 Ke7 14. Rac1
1/2-1/2

[Event "8. Open Vila de Salou"]
[Site "Salou ESP"]
[Date "2006.06.10"]
[Round "4.2"]
[White "Lopez Martinez, Josep M"]
[Black "Moskalenko, Viktor"]
[Result "1/2-1/2"]
[WhiteElo "2481"]
[BlackElo "2540"]
[PlyCount "56"]
[EventDate "2006.06.07"]
[EventType "swiss"]
[EventRounds "9"]
[EventCountry "ESP"]
[Source "lmi"]
[SourceDate "2006.06.16"]

1. e4 e6 2. d4 d5 3. Nc3 Bb4 4. e5 b6 5. a3 Bf8 6. Nf3 Ne7 7. Bd3 Ba6 8. Bxa6
Nxa6 9. O-O c5 10. Ne2 Nc6 11. Nf4 cxd4 12. Nxd4 Nxd4 13. Qxd4 Nc5 14. b4 Nd7
15. c4 dxc4 16. Qxc4 Rc8 17. Qe2 Be7 18. Rd1 O-O 19. Qb5 Rc7 20. Bb2 Qc8 21.
Rac1 Rd8 22. g3 Nf8 23. Qe2 Rxc1 24. Rxc1 Qd7 25. h4 Ng6 26. Ng2 h6 27. Ne3 Bf8
28. Qc4 Ne7 1/2-1/2

[Event "8. Open Vila de Salou"]
[Site "Salou ESP"]
[Date "2006.06.10"]
[Round "4.3"]
[White "Korneev, Oleg"]
[Black "Narciso Dublan, Marc"]
[Result "1-0"]
[WhiteElo "2671"]
[BlackElo "2510"]
[PlyCount "121"]
[EventDate "2006.06.07"]
[EventType "swiss"]
[EventRounds "9"]
[EventCountry "ESP"]
[Source "lmi"]
[SourceDate "2006.06.16"]

1. e4 e6 2. d4 d5 3. Nc3 Nf6 4. e5 Nfd7 5. Nce2 c5 6. c3 cxd4 7. cxd4 f6 8.
exf6 Nxf6 9. Nf3 Nc6 10. Nc3 Bd6 11. Bb5 O-O 12. O-O Qb6 13. Re1 Bd7 14. h3 Ne4
15. Nxe4 dxe4 16. Bxc6 Bxc6 17. Ng5 Rf5 18. Qh5 Rxg5 19. Qxg5 Qxd4 20. Rb1 a5
21. Bf4 h6 22. Qg3 Bxf4 23. Qxf4 a4 24. Red1 Qf6 25. Qe3 Kh7 26. Qc3 Qg6 27.
Qd2 Rf8 28. Rbc1 Rf3 29. Rc3 e3 30. Rxe3 Rxh3 31. Qd3 Rxe3 32. Qxg6+ Kxg6 33.
fxe3 Kf5 34. Kf2 h5 35. Rd4 g5 36. g3 e5 37. Rd8 Ke4 38. Rh8 h4 39. gxh4 gxh4
40. Ke2 Bb5+ 41. Kd2 Kf3 42. Rxh4 Bc6 43. Rc4 Bd7 44. Rb4 b5 45. Rh4 Be6 46.
Rb4 Bd7 47. b3 axb3 48. Rxb3 Be8 49. a3 Bd7 50. Rb4 Be8 51. Rb3 Bd7 52. Rc3 Ke4
53. Rc5 Be8 54. Kc3 Bd7 55. Kb4 Be8 56. Ka5 Bd7 57. Kb6 Be8 58. Kc7 Bh5 59.
Rxb5 Bd1 60. Kd6 Kxe3 61. Rxe5+ 1-0

[Event "8. Open Vila de Salou"]
[Site "Salou ESP"]
[Date "2006.06.10"]
[Round "4.5"]
[White "Jakobsen, Ole"]
[Black "Alsina Leal, Daniel"]
[Result "1/2-1/2"]
[WhiteElo "2388"]
[BlackElo "2441"]
[PlyCount "67"]
[EventDate "2006.06.07"]
[EventType "swiss"]
[EventRounds "9"]
[EventCountry "ESP"]
[Source "lmi"]
[SourceDate "2006.06.16"]

1. d4 d5 2. Nf3 Nf6 3. c4 c6 4. e3 Bf5 5. Nc3 e6 6. Nh4 Bg6 7. Nxg6 hxg6 8. Bd2
Nbd7 9. Qb3 Qb6 10. Be2 Be7 11. h3 O-O 12. O-O Rfd8 13. Rfd1 Bf8 14. Rac1 Rac8
15. Be1 Qxb3 16. axb3 c5 17. cxd5 exd5 18. Bf3 cxd4 19. exd4 Nb6 20. Nb5 a6 21.
Ba5 axb5 22. Bxb6 Re8 23. Bc7 Ne4 24. Be5 f6 25. Bf4 Kf7 26. h4 Ke6 27. Bg4+ f5
28. Be2 Bd6 29. Rxc8 Rxc8 30. Bc1 b4 31. Bd3 Be7 32. g3 Bf6 33. Be3 Ra8 34.
Bxe4 1/2-1/2

[Event "8. Open Vila de Salou"]
[Site "Salou ESP"]
[Date "2006.06.10"]
[Round "4.6"]
[White "Kononenko, Tatiana"]
[Black "Pogorelov, Ruslan"]
[Result "0-1"]
[WhiteElo "2383"]
[BlackElo "2385"]
[PlyCount "64"]
[EventDate "2006.06.07"]
[EventType "swiss"]
[EventRounds "9"]
[EventCountry "ESP"]
[Source "lmi"]
[SourceDate "2006.06.16"]

1. d4 Nf6 2. c4 e6 3. Nf3 Bb4+ 4. Nbd2 b6 5. a3 Bxd2+ 6. Bxd2 Bb7 7. Bg5 h6 8.
Bh4 d6 9. e3 Nbd7 10. Bd3 Qe7 11. Qc2 e5 12. dxe5 dxe5 13. O-O Nc5 14. Bf5 g6
15. b4 gxf5 16. bxc5 Qe6 17. Nd2 Nd7 18. cxb6 axb6 19. f3 Rg8 20. Be1 Nc5 21.
Nb3 Nxb3 22. Qxb3 O-O-O 23. a4 e4 24. f4 Rd3 25. Qc2 Rxe3 26. a5 Rd3 27. Ra2
Qc6 28. axb6 e3 29. Bg3 Rgd8 30. bxc7 R8d7 31. Qa4 e2 32. Rf3 Rd1+ 0-1

[Event "8. Open Vila de Salou"]
[Site "Salou ESP"]
[Date "2006.06.10"]
[Round "4.7"]
[White "Benitah, Yohan"]
[Black "Vila Gazquez, Xavier"]
[Result "1/2-1/2"]
[WhiteElo "2417"]
[BlackElo "2325"]
[PlyCount "39"]
[EventDate "2006.06.07"]
[EventType "swiss"]
[EventRounds "9"]
[EventCountry "ESP"]
[Source "lmi"]
[SourceDate "2006.06.16"]

1. d4 Nf6 2. c4 e6 3. Nc3 Bb4 4. Qc2 Nc6 5. Nf3 d5 6. a3 Bd6 7. cxd5 exd5 8.
Bg5 Be6 9. e3 h6 10. Bh4 a6 11. Bd3 Ne7 12. O-O Nh5 13. Qe2 g5 14. Nd2 Qd7 15.
Bg3 Nxg3 16. fxg3 f5 17. Qh5+ Bf7 18. Qf3 Be6 19. Qh5+ Bf7 20. Qf3 1/2-1/2

[Event "8. Open Vila de Salou"]
[Site "Salou ESP"]
[Date "2006.06.10"]
[Round "4.8"]
[White "Garcia Castro, Pablo"]
[Black "Lacasa Diaz, Josep A"]
[Result "1/2-1/2"]
[WhiteElo "2309"]
[BlackElo "2411"]
[PlyCount "106"]
[EventDate "2006.06.07"]
[EventType "swiss"]
[EventRounds "9"]
[EventCountry "ESP"]
[Source "lmi"]
[SourceDate "2006.06.16"]

1. e4 c5 2. Nf3 e6 3. d3 d5 4. Nbd2 Nf6 5. g3 Nc6 6. Bg2 Be7 7. O-O O-O 8. Re1
Qc7 9. e5 Nd7 10. Qe2 b5 11. h4 Bb7 12. Nf1 Nd4 13. Nxd4 cxd4 14. Bf4 Rfc8 15.
Rac1 b4 16. Bg5 Bf8 17. Nh2 a5 18. h5 a4 19. Bh3 Qb6 20. f4 Nc5 21. f5 exf5 22.
Bxf5 Ne6 23. Qg4 b3 24. axb3 axb3 25. cxb3 Rxc1 26. Bxc1 Ra1 27. Bd2 Rxe1+ 28.
Bxe1 Qc7 29. Bxe6 Qxe5 30. Bxf7+ Kxf7 31. Nf3 Qe8 32. Bf2 Kg8 33. Nxd4 Ba6 34.
Qf5 Qf7 35. Qxf7+ Kxf7 36. Nf3 Kf6 37. d4 Be2 38. Kg2 Bd1 39. Ne5 Ke6 40. Nd3
Bxb3 41. g4 Bd1 42. Kh3 Bf3 43. Bg3 g6 44. hxg6 hxg6 45. Be5 g5 46. Kg3 Be2 47.
Ne1 Bb4 48. Nf3 Bxf3 49. Kxf3 Be7 50. Ke3 Kd7 51. Kd3 Kc6 52. Kc3 Kb5 53. Kb3
Bd8 1/2-1/2

[Event "8. Open Vila de Salou"]
[Site "Salou ESP"]
[Date "2006.06.10"]
[Round "4.9"]
[White "Peric, Slavisa"]
[Black "Tania, Sachdev"]
[Result "1/2-1/2"]
[WhiteElo "2288"]
[BlackElo "2375"]
[PlyCount "66"]
[EventDate "2006.06.07"]
[EventType "swiss"]
[EventRounds "9"]
[EventCountry "ESP"]
[Source "lmi"]
[SourceDate "2006.06.16"]

1. d4 Nf6 2. Nf3 e6 3. c4 b6 4. g3 Bb7 5. Bg2 Be7 6. O-O O-O 7. Nc3 Ne4 8. Bd2
f5 9. Be1 Bf6 10. Rc1 d6 11. d5 Nxc3 12. Bxc3 e5 13. Nd2 a5 14. b3 Nd7 15. a3
Qe7 16. Bh3 g6 17. e4 Bg7 18. Qc2 f4 19. f3 fxg3 20. hxg3 Qg5 21. Kh2 Nf6 22.
Nb1 Nh5 23. Qg2 Bc8 24. Bxc8 Raxc8 25. Bd2 Qe7 26. Qh3 Rce8 27. Be3 Rf7 28. Nd2
Qf8 29. Qg2 Bh6 30. Qe2 Qg7 31. Kh1 Ref8 32. Kg2 Bxe3 33. Qxe3 Qf6 1/2-1/2

[Event "8. Open Vila de Salou"]
[Site "Salou ESP"]
[Date "2006.06.10"]
[Round "4.10"]
[White "Kekki, Petri"]
[Black "Vernay, Clovis"]
[Result "0-1"]
[WhiteElo "2365"]
[BlackElo "2293"]
[PlyCount "114"]
[EventDate "2006.06.07"]
[EventType "swiss"]
[EventRounds "9"]
[EventCountry "ESP"]
[Source "lmi"]
[SourceDate "2006.06.16"]

1. d4 d5 2. Nf3 Nf6 3. c4 c6 4. e3 a6 5. Qc2 b5 6. b3 Bg4 7. Nbd2 Nbd7 8. Bd3
e6 9. O-O Rc8 10. Bb2 c5 11. Ne5 cxd4 12. exd4 dxc4 13. bxc4 Nxe5 14. dxe5 Nd5
15. Be4 Be2 16. Rfc1 Nb4 17. Qc3 Nd3 18. Bxd3 Bxd3 19. Ba3 bxc4 20. Bxf8 Kxf8
21. Qa3+ Kg8 22. Rc3 a5 23. Rac1 h6 24. h3 Kh7 25. Nxc4 Bxc4 26. Rxc4 Rxc4 27.
Rxc4 Qd2 28. Qc3 Qxa2 29. Rc7 Qb1+ 30. Kh2 Qf5 31. Qe3 Rd8 32. g4 Qg6 33. Qf4
Kg8 34. h4 h5 35. gxh5 Qxh5 36. Qg5 Qxg5 37. hxg5 Ra8 38. Rc3 Kh7 39. Kg3 Kg6
40. Kf4 Rb8 41. Kg4 Rb4+ 42. f4 Rb6 43. Rd3 Rb1 44. Rd7 a4 45. Ra7 Ra1 46. Ra6
Kh7 47. g6+ fxg6 48. Kg3 a3 49. Kg2 a2 50. Ra8 g5 51. fxg5 Kg6 52. Ra7 Kf5 53.
Ra5 Kxg5 54. Kh2 Kf5 55. Kg2 g5 56. Kh2 g4 57. Kg2 g3 0-1